| 000 | 01032nam0a22002651 4500 | ||
|---|---|---|---|
| 001 | rc\3436298 | ||
| 005 | 20250609234327.0 | ||
| 021 |
_aRU _bРг15692-72 |
||
| 021 |
_aRU _b71-63184 |
||
| 035 | _a(NLR Aleph) 007565736 | ||
| 090 |
_a5350021 _c5350021 |
||
| 100 | _a20130115d1971 |||y0rusy50 ca | ||
| 101 | 0 | _arus | |
| 102 | _aRU | ||
| 105 | _ay z ||||| | ||
| 200 | 1 |
_aЛесотаксационные таблицы для древостоев сосны подзоны южной тайги Зауралья _e(В пределах Свердловской области) _fМ-во высш. и сред. спец. образ. РСФСР. Уральский лесотехн. ин-т |
|
| 210 |
_aСвердловск _cБ. и. _d1971 |
||
| 215 |
_a25 с. _d20 |
||
| 700 | 1 |
_aГальперин _bМ.И. _gМихаил Исаакович |
|
| 701 | 1 |
_aСоколов _bС.В. _gСергей Васильевич |
|
| 801 | 0 |
_aRU _bNLR _gpsbo |
|
| 801 | 1 |
_aRU _bELAR _2rusmarc |
|
| 852 |
_aNLR _j72-4/29740 |
||
| 942 | _cBOOK | ||
| 980 | _aNB | ||